000 00703nam a22002417a 4500
003 UA-OsUOA
001 43979
007 ta
008 20070201b un ||||| |||| 00| 0 ukr d
100 _aНазаренко І.І.
090 _a347.77(075.8)
_bН19
942 _cBK
040 _aUA-OsUOA
_bukr
_cUA-OsUOA
_dUA-OsUOA
245 _aОснови патентування і ліцензування
_bНавч. посібник
300 _a306 с.
955 _a2
041 _aukr
080 _a347.77(075.8)
020 _a966-316-094-2
260 _aК.
_bЗнання УКраїни
_c2006
650 7 _a347 Цивільне право. Судовий устрій
_2UDC
999 _c330093
_d330093